[Event "Pardubice Czech op"]
[Site "Pardubice"]
[Date "2001.07.25"]
[Round "6"]
[White "Chernyshov, Konstantin"]
[Black "Odesskij, Ilia"]
[Result "1/2-1/2"]
[WhiteElo "2561"]
[BlackElo "2419"]
[PlyCount "80"]
[EventDate "2001.07.20"]
[EventType "swiss"]
[EventRounds "9"]
[EventCountry "CZE"]
[SourceTitle "CBM 083 Extra"]
[Source "ChessBase"]
[SourceDate "2001.09.11"]
[SourceVersion "1"]
[SourceVersionDate "2001.09.11"]
[SourceQuality "1"]

1. e4 e6 2. d4 d5 3. Nd2 Nf6 4. e5 Ne4 5. Bd3 Nxd2 6. Bxd2 c5 7. c3 Qb6 8. Nf3 cxd4 9. cxd4 Be7 10. 0-0 Nc6 11. Bc3 Bd7 12. a3 Rc8 13. Rc1 0-0 14. Bb1 Na5 15. Qd3 g6 16. Qe3 Nc4 17. Qh6 Qd8 18. h4 f5 19. h5 gxh5 20. Bb4 Bxb4 21. axb4 Qe7 22. b3 Na3 23. Bd3 Bb5 24. Rfd1 Rxc1 25. Qxc1 Bxd3 26. Rxd3 Nb5 27. Qh6 Kh8 28. Nh4 Rg8 29. Rg3 Rxg3 30. fxg3 Kg8 31. Nf3 Nc7 32. Qxh5 Kg7 33. g4 fxg4 34. Qxg4+ Kh8 35. Ng5 a6 36. Qh5 Kg8 37. Nh3 Qxb4 38. Qg5+ Kf8 39. Qf6+ Ke8 40. Nf4 Kd7 1/2-1/2

[Event "Pardubice Czech op"]
[Site "Pardubice"]
[Date "2001.07.22"]
[Round "3"]
[White "Odesskij, Ilia"]
[Black "Skacelik, Petr"]
[Result "1-0"]
[WhiteElo "2419"]
[BlackElo "2255"]
[PlyCount "105"]
[EventDate "2001.07.20"]
[EventType "swiss"]
[EventRounds "9"]
[EventCountry "CZE"]
[SourceTitle "CBM 083 Extra"]
[Source "ChessBase"]
[SourceDate "2001.09.11"]
[SourceVersion "1"]
[SourceVersionDate "2001.09.11"]
[SourceQuality "1"]

1. b3 d5 2. Bb2 Bg4 3. Nf3 Nd7 4. g3 e6 5. Bg2 Ngf6 6. c4 c6 7. 0-0 Be7 8. d4 0-0 9. Nbd2 Rc8 10. Re1 Qc7 11. Rc1 Qb8 12. a3 Rfd8 13. b4 b6 14. Qb3 a6 15. Ne5 Nxe5 16. dxe5 Nd7 17. f4 a5 18. e4 dxe4 19. Nxe4 axb4 20. axb4 Bf5 21. Qc3 c5 22. b5 Nf8 23. Red1 Rxd1+ 24. Rxd1 Rd8 25. Ra1 Bxe4 26. Bxe4 Qc7 27. Qc2 Qd7 28. Bc3 f5 29. Bc6 Qd3 30. Qxd3 Rxd3 31. Be1 Rd4 32. Ra7 Bd8 33. Ra8 Kf7 34. Bf2 Rd1+ 35. Kg2 Ng6 36. Kf3 Ke7 37. h4 Rc1 38. h5 Nh8 39. Ra7+ Kf8 40. Bd7 Nf7 41. Bxe6 Nh6 42. g4 Rc3+ 43. Kg2 Rc2 44. g5 Ng4 45. Rf7+ Ke8 46. Rxg7 Nxf2 47. Bxf5 Ra2 48. Kf3 Nd1 49. Bxh7 Rf2+ 50. Kg3 Rd2 51. h6 Ne3 52. Bg6+ Kf8 53. Rf7+ 1-0

[Event "Pardubice KB op"]
[Site "Pardubice"]
[Date "1999.07.22"]
[Round "7"]
[White "Sax, Gyula"]
[Black "Odesskij, Ilia"]
[Result "1/2-1/2"]
[WhiteElo "2588"]
[BlackElo "2425"]
[PlyCount "76"]
[EventDate "1999.07.11"]
[EventType "swiss"]
[EventRounds "9"]
[EventCountry "CZE"]
[SourceTitle "EXT 2000"]
[Source "ChessBase"]
[SourceDate "1999.11.16"]
[SourceVersion "1"]
[SourceVersionDate "1999.11.16"]
[SourceQuality "1"]

1. e4 e6 2. d4 d5 3. Nc3 Bb4 4. e5 b6 5. Qg4 Bf8 6. h4 h5 7. Qd1 Ba6 8. Bg5 Be7 9. Bxa6 Nxa6 10. Nh3 Nb4 11. Ne2 Qd7 12. c3 Nc6 13. Nef4 g6 14. f3 0-0-0 15. g4 Kb7 16. Qe2 Rc8 17. 0-0-0 Na5 18. Bxe7 Qxe7 19. gxh5 gxh5 20. Rhg1 Nh6 21. Rg5 c5 22. dxc5 Qxc5 23. Rxh5 Nc4 24. Nd3 Qa5 25. Kb1 Qb5 26. Ng5 Qe8 27. f4 Qg8 28. b3 Na3+ 29. Kb2 Nb5 30. Qe1 Qg6 31. Nb4 Nc7 32. c4 a5 33. Nd3 Nf5 34. Rxh8 Rxh8 35. cxd5 Nxd5 36. Ne4 Ka7 37. Ndc5 bxc5 38. Nxc5 Nd4 1/2-1/2

[Event "Pardubice KB op"]
[Site "Pardubice"]
[Date "1999.07.21"]
[Round "6"]
[White "Odesskij, Ilia"]
[Black "Pachow, Joerg"]
[Result "1-0"]
[WhiteElo "2425"]
[BlackElo "2351"]
[PlyCount "77"]
[EventDate "1999.07.11"]
[EventType "swiss"]
[EventRounds "9"]
[EventCountry "CZE"]
[SourceTitle "EXT 2000"]
[Source "ChessBase"]
[SourceDate "1999.11.16"]
[SourceVersion "1"]
[SourceVersionDate "1999.11.16"]
[SourceQuality "1"]

1. b3 e5 2. Bb2 d6 3. g3 Nf6 4. Bg2 g6 5. d4 Bg7 6. dxe5 Ng4 7. Nf3 Nc6 8. 0-0 Ngxe5 9. Nxe5 Nxe5 10. Qc1 0-0 11. c4 Rb8 12. Nc3 Be6 13. Rd1 b6 14. Qd2 a5 15. Rac1 f5 16. f4 Nd7 17. e4 Nc5 18. Re1 Qd7 19. Re3 a4 20. b4 Nxe4 21. Nxe4 fxe4 22. Bxe4 Bxb2 23. Qxb2 Qf7 24. Qd4 b5 25. Bc6 Qf6 26. Qxf6 Rxf6 27. Bxb5 Bf7 28. a3 d5 29. h4 c6 30. Bxa4 dxc4 31. Kf2 Rd6 32. Rd1 Rdd8 33. Rd6 Rxd6 34. Ke2 Kg7 35. Bc2 Rd4 36. Re4 Rdd8 37. Re3 Rd4 38. a4 Rbd8 39. a5 1-0

[Event "Pardubice KB op"]
[Site "Pardubice"]
[Date "1999.07.20"]
[Round "5"]
[White "Ryjanova, Julia"]
[Black "Odesskij, Ilia"]
[Result "1/2-1/2"]
[WhiteElo "2325"]
[BlackElo "2425"]
[PlyCount "22"]
[EventDate "1999.07.11"]
[EventType "swiss"]
[EventRounds "9"]
[EventCountry "CZE"]
[SourceTitle "EXT 2000"]
[Source "ChessBase"]
[SourceDate "1999.11.16"]
[SourceVersion "1"]
[SourceVersionDate "1999.11.16"]
[SourceQuality "1"]

1. d4 d6 2. c4 e5 3. Nf3 exd4 4. Nxd4 g6 5. Nc3 Bg7 6. e4 Nc6 7. Be3 Nf6 8. Be2 0-0 9. 0-0 Re8 10. f3 Nh5 11. Nb3 a5 1/2-1/2

[Event "Moscow-ch"]
[Site "Moscow"]
[Date "1999.??.??"]
[Round "5"]
[White "Odesskij, Ilia"]
[Black "Oleinikov, Dmitrij"]
[Result "1-0"]
[WhiteElo "2425"]
[BlackElo "2300"]
[PlyCount "87"]
[EventDate "1999.??.??"]
[EventType "swiss"]
[EventRounds "9"]
[EventCountry "RUS"]
[SourceTitle "EXT 2001"]
[Source "ChessBase"]
[SourceDate "2000.11.22"]
[SourceVersion "1"]
[SourceVersionDate "2000.11.22"]
[SourceQuality "1"]

1. b3 e5 2. Bb2 Nc6 3. e3 Nf6 4. Bb5 Bd6 5. Bxc6 dxc6 6. d3 Qe7 7. Nd2 Be6 8. Ngf3 Nd7 9. d4 Bg4 10. h3 Bh5 11. dxe5 Nxe5 12. Qe2 0-0-0 13. 0-0-0 f5 14. g4 Nxf3 15. Qxf3 Bg6 16. gxf5 Rhf8 17. e4 Qe8 18. Qe3 Bh5 19. f3 Rxf5 20. Qxa7 Rb5 21. a4 Rb6 22. Rhg1 Ra6 23. Qe3 Be5 24. Rg5 Bxb2+ 25. Kxb2 h6 26. Rxg7 b5 27. Qf4 Rd7 28. Rxd7 Qxd7 29. Qf5 Qxf5 30. exf5 bxa4 31. Re1 axb3 32. Nxb3 Ra4 33. Re4 Ra8 34. Nc5 Ra5 35. Re5 Rb5+ 36. Kc3 Kd8 37. f6 Bf7 38. f4 Rb1 39. Re7 Bd5 40. Rd7+ Ke8 41. Re7+ Kf8 42. Nd7+ Kg8 43. Rg7+ Kh8 44. Ne5 1-0

[Event "Pardubice Czech op"]
[Site "Pardubice"]
[Date "1998.??.??"]
[Round "1"]
[White "Hagara, Eduard"]
[Black "Odesskij, Ilia"]
[Result "1/2-1/2"]
[WhiteElo "2250"]
[BlackElo "2430"]
[PlyCount "103"]
[EventDate "1998.07.??"]
[EventType "swiss"]
[EventRounds "9"]
[EventCountry "CZE"]
[SourceTitle "EXT 2000"]
[Source "ChessBase"]
[SourceDate "1999.11.16"]
[SourceVersion "1"]
[SourceVersionDate "1999.11.16"]
[SourceQuality "1"]

1. e4 d6 2. d4 Nf6 3. Nc3 g6 4. Nf3 Bg7 5. Be3 c6 6. a4 Qa5 7. Qd2 0-0 8. h3 e5 9. Be2 Nbd7 10. 0-0 Re8 11. Rfe1 Qc7 12. Bc4 Nb6 13. Bb3 Be6 14. d5 Bd7 15. a5 Nc8 16. a6 c5 17. axb7 Qxb7 18. Qe2 Nb6 19. Nd2 a5 20. Bc4 Nxc4 21. Nxc4 Qc7 22. Ra2 Ra7 23. Rea1 Rea8 24. b3 Ne8 25. Bd2 Bf6 26. Qe1 Bd8 27. Na4 Qb8 28. Nab2 f5 29. f3 fxe4 30. fxe4 Nf6 31. Bxa5 Nh5 32. Ra3 Nf4 33. Bxd8 Rxa3 34. Rxa3 Rxa3 35. Nxa3 Qxd8 36. Kh2 Qg5 37. Qf2 Qh6 38. Nac4 Bxh3 39. gxh3 Nxh3 40. Qe3 Nf4+ 41. Kg1 Qg5+ 42. Kf1 Qg2+ 43. Ke1 Qxc2 44. Qf3 Kf8 45. Nd1 Ke7 46. Nce3 Qb1 47. Qh1 h5 48. Qh4+ Kd7 49. Qf6 Qxe4 50. Qf7+ Kd8 51. Qf8+ Kd7 52. Qf7+ 1/2-1/2

[Event "Decin op-A"]
[Site "Decin"]
[Date "1998.??.??"]
[Round "9"]
[White "Karlik, Vladimir"]
[Black "Odesskij, Ilia"]
[Result "0-1"]
[WhiteElo "2305"]
[BlackElo "2430"]
[PlyCount "62"]
[EventDate "1998.08.??"]
[EventType "swiss"]
[EventRounds "10"]
[EventCountry "CZE"]
[SourceTitle "EXT 2000"]
[Source "ChessBase"]
[SourceDate "1999.11.16"]
[SourceVersion "1"]
[SourceVersionDate "1999.11.16"]
[SourceQuality "1"]

1. d4 d6 2. Nf3 Nf6 3. g3 g6 4. Bg2 Bg7 5. 0-0 0-0 6. Nc3 Nc6 7. d5 Nb8 8. Nd4 e5 9. dxe6 fxe6 10. e4 e5 11. Nde2 Nc6 12. h3 Be6 13. Bg5 Qd7 14. Kh2 Rf7 15. Qd2 Raf8 16. Be3 h5 17. Nd5 Bxd5 18. exd5 Ne7 19. Nc3 Nf5 20. Bg5 Nh7 21. Be3 Nf6 22. Bg5 Nh7 23. h4 Nxg5 24. hxg5 Nd4 25. Ne4 Qg4 26. c3 Nf3+ 27. Bxf3 Rxf3 28. Rfe1 R8f4 29. Qc2 h4 30. Re2 hxg3+ 31. fxg3 Rxe4 0-1

[Event "Decin op-A"]
[Site "Decin"]
[Date "1998.??.??"]
[Round "2"]
[White "Odesskij, Ilia"]
[Black "Janturin, Artur"]
[Result "1-0"]
[WhiteElo "2430"]
[BlackElo "2210"]
[PlyCount "121"]
[EventDate "1998.08.??"]
[EventType "swiss"]
[EventRounds "10"]
[EventCountry "CZE"]
[SourceTitle "EXT 2000"]
[Source "ChessBase"]
[SourceDate "1999.11.16"]
[SourceVersion "1"]
[SourceVersionDate "1999.11.16"]
[SourceQuality "1"]

1. b3 b6 2. Bb2 Bb7 3. e3 e6 4. Nf3 Nf6 5. g3 Be7 6. Bg2 0-0 7. 0-0 d6 8. c4 Nbd7 9. Nc3 Ne4 10. Ne2 c5 11. Qc2 Qc7 12. d3 Ng5 13. Nd2 Bxg2 14. Kxg2 Qb7+ 15. f3 e5 16. Nc3 Ne6 17. Nd5 Nf6 18. Nxf6+ Bxf6 19. Ne4 Be7 20. Nc3 Rae8 21. Kg1 f5 22. Rae1 Bf6 23. Nd5 Nc7 24. Nxf6+ Rxf6 25. f4 Ne6 26. Qg2 Qxg2+ 27. Kxg2 Nd8 28. fxe5 dxe5 29. d4 exd4 30. exd4 Rxe1 31. Rxe1 cxd4 32. Re8+ Rf8 33. Rxf8+ Kxf8 34. Bxd4 Nc6 35. Bc3 Kf7 36. h4 g6 37. Kf3 Ke6 38. Kf4 Nd8 39. a3 Nf7 40. Bd4 Nd8 41. b4 Kd6 42. Be5+ Ke7 43. Bc3 Ke6 44. a4 Nf7 45. Bd4 Nd8 46. Be5 Ke7 47. Bc3 Ke6 48. b5 Nb7 49. Bd4 h6 50. Ke3 Kd6 51. Bg7 Nc5 52. Bf8+ Kc7 53. Bxh6 Nxa4 54. Bf8 Nc3 55. Bg7 Ne4 56. Be5+ Kb7 57. g4 a5 58. gxf5 gxf5 59. h5 Ng5 60. Kf4 Nf7 61. Bg7 1-0

[Event "Pardubice Czech op"]
[Site "Pardubice"]
[Date "1998.??.??"]
[Round "6"]
[White "Odesskij, Ilia"]
[Black "Potkin, Vladimir"]
[Result "1/2-1/2"]
[WhiteElo "2430"]
[BlackElo "2295"]
[PlyCount "45"]
[EventDate "1998.07.??"]
[EventType "swiss"]
[EventRounds "9"]
[EventCountry "CZE"]
[SourceTitle "EXT 1999"]
[Source "ChessBase"]
[SourceDate "1998.11.16"]
[SourceVersion "1"]
[SourceVersionDate "1998.11.16"]
[SourceQuality "1"]

1. b3 d5 2. Bb2 e6 3. Nf3 Nf6 4. c4 c5 5. cxd5 exd5 6. e3 Nc6 7. Bb5 Bd6 8. Bxc6+ bxc6 9. d3 0-0 10. Nbd2 a5 11. a4 Nd7 12. Qc2 Nb8 13. 0-0 Na6 14. Be5 Be7 15. Qc3 f6 16. Bg3 Nb4 17. Rfd1 Ba6 18. Ne1 Qd7 19. Ndf3 Rfe8 20. h3 Bf8 21. Rd2 Ra7 22. Nc2 Qb7 23. Rad1 1/2-1/2

[Event "Pardubice KB op"]
[Site "Pardubice"]
[Date "1997.07.23"]
[Round "7"]
[White "Odesskij, Ilia"]
[Black "Heyken, Enno"]
[Result "1-0"]
[WhiteElo "2430"]
[BlackElo "2325"]
[PlyCount "45"]
[EventDate "1997.07.17"]
[EventType "swiss"]
[EventRounds "9"]
[EventCountry "CZE"]
[SourceTitle "CBM 059 Extra"]
[Source "ChessBase"]
[SourceDate "1997.09.26"]
[SourceVersion "1"]
[SourceVersionDate "1997.09.26"]
[SourceQuality "1"]

1. b3 e5 2. Bb2 Nc6 3. c4 d6 4. Nf3 f5 5. d4 e4 6. d5 Nce7 7. Nd4 Ng6 8. g3 Be7 9. Nc3 Bf6 10. Qd2 Nh6 11. Bg2 Qe7 12. 0-0 Ng4 13. Nd1 h5 14. f3 Bg5 15. f4 h4 16. fxg5 hxg3 17. hxg3 e3 18. Qc2 Qxg5 19. Nxf5 0-0 20. Nfxe3 Nxe3 21. Rxf8+ Kxf8 22. Qd2 Qxg3 23. Qxe3 1-0

[Event "Pardubice KB op"]
[Site "Pardubice"]
[Date "1997.07.22"]
[Round "6"]
[White "Iljin, Stanislav"]
[Black "Odesskij, Ilia"]
[Result "1/2-1/2"]
[WhiteElo "2325"]
[BlackElo "2430"]
[PlyCount "77"]
[EventDate "1997.07.17"]
[EventType "swiss"]
[EventRounds "9"]
[EventCountry "CZE"]
[SourceTitle "CBM 059 Extra"]
[Source "ChessBase"]
[SourceDate "1997.09.26"]
[SourceVersion "1"]
[SourceVersionDate "1997.09.26"]
[SourceQuality "1"]

1. d4 d6 2. c4 e5 3. Nc3 exd4 4. Qxd4 Nf6 5. Bg5 Be7 6. Nf3 Be6 7. e3 0-0 8. Be2 Nbd7 9. 0-0 a5 10. Rad1 Nc5 11. h3 Re8 12. e4 Nfd7 13. Bxe7 Qxe7 14. Rfe1 Qf6 15. Bf1 Qxd4 16. Nxd4 f6 17. b3 Bf7 18. Re3 Na6 19. Be2 Ndc5 20. h4 a4 21. Bg4 axb3 22. axb3 g6 23. h5 Nb4 24. Ndb5 Re7 25. hxg6 hxg6 26. Nd5 Nxd5 27. exd5 Rxe3 28. fxe3 f5 29. Bf3 Nxb3 30. Nxc7 Rc8 31. Nb5 Rd8 32. g4 fxg4 33. Bxg4 Nc5 34. Kf2 Kf8 35. Kf3 Ke7 36. Rh1 Nd3 37. Kg3 Ne5 38. Rc1 Nd3 39. Rd1 1/2-1/2

[Event "Moscow-ch"]
[Site "Moscow"]
[Date "1997.??.??"]
[Round "6"]
[White "Nureev, Garun"]
[Black "Odesskij, Ilia"]
[Result "1/2-1/2"]
[WhiteElo "2370"]
[BlackElo "2430"]
[PlyCount "75"]
[EventDate "1997.??.??"]
[EventType "swiss"]
[EventRounds "9"]
[EventCountry "RUS"]
[SourceTitle "EXT 2000"]
[Source "ChessBase"]
[SourceDate "1999.11.16"]
[SourceVersion "1"]
[SourceVersionDate "1999.11.16"]
[SourceQuality "1"]

1. Nf3 d6 2. d4 Nf6 3. c4 g6 4. Nc3 Bg7 5. e3 c6 6. Be2 a6 7. 0-0 b5 8. b4 0-0 9. a4 bxc4 10. Bxc4 Nbd7 11. Qe2 c5 12. bxc5 dxc5 13. Ba3 Bb7 14. Rab1 Qc7 15. Rfc1 e6 16. dxc5 Nxc5 17. Rxb7 Nxb7 18. Bxf8 Kxf8 19. Bxa6 Nd6 20. Qf1 Qa5 21. Bb5 Rc8 22. Ne2 Rxc1 23. Qxc1 Nxb5 24. Qc5+ Ke8 25. Qxb5+ Qxb5 26. axb5 Nd5 27. Ned4 Kd7 28. Nb3 h6 29. Nc5+ Kd6 30. Na6 Nc7 31. Nxc7 Kxc7 32. Nd2 Kb6 33. Nc4+ Kc5 34. Na5 Kxb5 35. Nb7 Kc6 36. Na5+ Kd5 37. Nb3 Bc3 38. Nc1 1/2-1/2

[Event "Moscow-ch"]
[Site "Moscow"]
[Date "1996.??.??"]
[Round "8"]
[White "Grischuk, Alexander"]
[Black "Odesskij, Ilia"]
[Result "0-1"]
[WhiteElo "2375"]
[BlackElo "2445"]
[PlyCount "101"]
[EventDate "1996.08.??"]
[EventType "swiss"]
[EventRounds "11"]
[EventCountry "RUS"]
[SourceTitle "CBM 055 Extra"]
[Source "ChessBase"]
[SourceDate "1997.01.01"]
[SourceVersion "1"]
[SourceVersionDate "1997.01.01"]
[SourceQuality "1"]

1. e4 d6 2. d4 Nf6 3. Nc3 g6 4. g3 Bg7 5. Bg2 0-0 6. Nge2 Nbd7 7. 0-0 c5 8. dxc5 Nxc5 9. h3 Rb8 10. Be3 b6 11. g4 Bb7 12. Ng3 Qd7 13. g5 Ne8 14. f4 Nc7 15. f5 Be5 16. Bf4 Rbd8 17. Qd2 Qc8 18. Rad1 e6 19. Qf2 Bxc3 20. bxc3 e5 21. Bc1 Nb5 22. Qe1 Na4 23. fxg6 fxg6 24. Rxf8+ Rxf8 25. c4 Nbc3 26. Rd3 Qxc4 27. Ba3 Nb5 28. Qb4 Nxa3 29. Qxa3 Nc5 30. Rxd6 Qxc2 31. Rf6 Rxf6 32. gxf6 a5 33. Qe3 Qxa2 34. Nf5 Qe6 35. Qg5 Nd7 36. Nh6+ Kh8 37. f7 Kg7 38. Qd8 Nf8 39. Qe8 Bc6 40. Qb8 a4 41. Ng4 a3 42. Qxb6 Bxe4 43. Qb4 Bxg2 44. Kxg2 h5 45. Ne3 a2 46. Qb2 Kxf7 47. Nc2 Qc6+ 48. Kg3 Qxc2 49. Qb7+ Kf6 50. Qf3+ Qf5 51. Qc6+ 0-1

[Event "Moscow IM2"]
[Site "Moscow"]
[Date "1996.??.??"]
[Round "?"]
[White "Kedrov, Valery V"]
[Black "Odesskij, Ilia"]
[Result "1/2-1/2"]
[WhiteElo "2385"]
[BlackElo "2460"]
[PlyCount "89"]
[EventDate "1996.??.??"]
[EventType "tourn"]
[EventRounds "11"]
[EventCountry "RUS"]
[EventCategory "3"]
[SourceTitle "EXT 2000"]
[Source "ChessBase"]
[SourceDate "1999.11.16"]
[SourceVersion "1"]
[SourceVersionDate "1999.11.16"]
[SourceQuality "1"]

1. e4 d6 2. d4 Nf6 3. Bd3 e5 4. dxe5 dxe5 5. Nf3 Nc6 6. Nbd2 Bc5 7. Nc4 Bg4 8. h3 Bh5 9. g4 Bg6 10. Qe2 Qe7 11. c3 0-0-0 12. Bg5 Qe6 13. Ncd2 h5 14. Bc4 Qd6 15. 0-0-0 hxg4 16. hxg4 Rxh1 17. Rxh1 Re8 18. Nh4 Nh7 19. Be3 Bxe3 20. Qxe3 Kb8 21. Nf5 Qf6 22. Bb5 Rd8 23. Bxc6 Qxc6 24. Nxg7 Qa6 25. a3 Rd3 26. Qc5 Qf6 27. Nf5 Ng5 28. Qe7 Qxe7 29. Nxe7 Rh3 30. Rxh3 Nxh3 31. f3 Ng5 32. Kd1 c6 33. Ke2 Kc7 34. Nxg6 fxg6 35. Nc4 Nf7 36. Ke3 g5 37. Kd3 Kd7 38. b4 b5 39. Ne3 Nd6 40. Nc2 Nc4 41. Ke2 Ke6 42. Kd3 Kd7 43. Ke2 Ke6 44. Kd3 Kd6 45. Ke2 1/2-1/2

[Event "Moscow-ch"]
[Site "Moscow"]
[Date "1996.??.??"]
[Round "3"]
[White "Odesskij, Ilia"]
[Black "Hait, Alexander"]
[Result "1/2-1/2"]
[WhiteElo "2445"]
[BlackElo "2360"]
[PlyCount "32"]
[EventDate "1996.08.??"]
[EventType "swiss"]
[EventRounds "11"]
[EventCountry "RUS"]
[SourceTitle "CBM 055 Extra"]
[Source "ChessBase"]
[SourceDate "1997.01.01"]
[SourceVersion "1"]
[SourceVersionDate "1997.01.01"]
[SourceQuality "1"]

1. b3 e5 2. Bb2 d6 3. c4 g6 4. d4 Bg7 5. e3 Nf6 6. Nf3 0-0 7. Nc3 Nbd7 8. Qc2 Re8 9. h3 c6 10. 0-0-0 a6 11. g4 h6 12. g5 hxg5 13. Nxg5 exd4 14. Rxd4 Nh7 15. Nxf7 Kxf7 16. Rxd6 Nhf8 1/2-1/2

[Event "RUS-Cup01 Chigorin Memorial"]
[Site "St Petersburg"]
[Date "1996.??.??"]
[Round "8"]
[White "Odesskij, Ilia"]
[Black "Tregubov, Pavel V"]
[Result "1/2-1/2"]
[WhiteElo "2445"]
[BlackElo "2520"]
[PlyCount "74"]
[EventDate "1996.11.??"]
[EventType "swiss"]
[EventRounds "9"]
[EventCountry "RUS"]
[SourceTitle "CBM 056 Extra"]
[Source "ChessBase"]
[SourceDate "1997.03.01"]
[SourceVersion "1"]
[SourceVersionDate "1997.03.01"]
[SourceQuality "1"]

1. b3 e5 2. Bb2 d6 3. c4 Nf6 4. g3 g6 5. Bg2 Bg7 6. d4 0-0 7. Nc3 exd4 8. Qxd4 Re8 9. Qd2 Nbd7 10. Nh3 Nc5 11. Nf4 a5 12. Rd1 a4 13. b4 Ncd7 14. Ncd5 Nxd5 15. Nxd5 Ne5 16. Ne3 a3 17. Bc3 Ng4 18. Nd5 Bxc3 19. Nxc3 Be6 20. 0-0 c6 21. Ne4 Bxc4 22. Nxd6 Rxe2 23. Qf4 Be6 24. Bf3 Nxf2 25. Rxf2 Rxf2 26. Kxf2 Bxa2 27. Ne4 Bd5 28. Nf6+ Kg7 29. Nxd5 cxd5 30. Bxd5 a2 31. Qxf7+ Kh6 32. Bxa2 Qxd1 33. Qf4+ Kg7 34. Qe5+ Kh6 35. Qf4+ Kg7 36. Qe5+ Kh6 37. Qf4+ Kg7 1/2-1/2

[Event "Moscow IM2"]
[Site "Moscow"]
[Date "1996.??.??"]
[Round "?"]
[White "Odesskij, Ilia"]
[Black "Yuferov, Sergey N"]
[Result "1/2-1/2"]
[WhiteElo "2460"]
[BlackElo "2440"]
[PlyCount "29"]
[EventDate "1996.??.??"]
[EventType "tourn"]
[EventRounds "11"]
[EventCountry "RUS"]
[EventCategory "3"]
[SourceTitle "EXT 2000"]
[Source "ChessBase"]
[SourceDate "1999.11.16"]
[SourceVersion "1"]
[SourceVersionDate "1999.11.16"]
[SourceQuality "1"]

1. b3 e5 2. Bb2 d6 3. c4 Nf6 4. e3 Be7 5. Nc3 0-0 6. Nf3 Re8 7. d4 Nbd7 8. Be2 c6 9. 0-0 Bf8 10. Qc2 a6 11. d5 cxd5 12. Nxd5 Nxd5 13. cxd5 Nf6 14. e4 Bd7 15. Bd3 1/2-1/2

[Event "Moscow IM2"]
[Site "Moscow"]
[Date "1996.??.??"]
[Round "?"]
[White "Sazonov, Anatolij"]
[Black "Odesskij, Ilia"]
[Result "0-1"]
[WhiteElo "2220"]
[BlackElo "2460"]
[PlyCount "124"]
[EventDate "1996.??.??"]
[EventType "tourn"]
[EventRounds "11"]
[EventCountry "RUS"]
[EventCategory "3"]
[SourceTitle "EXT 2000"]
[Source "ChessBase"]
[SourceDate "1999.11.16"]
[SourceVersion "1"]
[SourceVersionDate "1999.11.16"]
[SourceQuality "1"]

1. d4 d6 2. Nf3 Nf6 3. Bf4 g6 4. Nbd2 Bg7 5. e4 Nc6 6. c3 0-0 7. Be2 Qe8 8. 0-0 e5 9. dxe5 dxe5 10. Be3 b6 11. Bb5 Bb7 12. Re1 a6 13. Ba4 h6 14. h3 Rd8 15. Qc2 Nh5 16. Rad1 Qe7 17. Nf1 Nf4 18. Bxf4 exf4 19. Qe2 Rxd1 20. Bxd1 Rd8 21. Bc2 Qc5 22. Rd1 Rd6 23. Rxd6 Qxd6 24. N1d2 b5 25. a3 Kf8 26. Qd3 Ke7 27. Nb3 Qxd3 28. Bxd3 Kd6 29. Kf1 Nd8 30. Na1 Ne6 31. Nd2 c5 32. f3 c4 33. Bc2 Nc5 34. a4 Bc8 35. axb5 axb5 36. Ke2 Be6 37. Nb1 Kc6 38. Kd2 Kb6 39. Kc1 Ka5 40. Nd2 b4 41. cxb4+ Kxb4 42. Nb1 Bd4 43. Bd1 Nd3+ 44. Kd2 Be3+ 45. Ke2 Nxb2 46. Nc2+ Kc5 47. Nxe3 fxe3 48. Nc3 Kb4 49. Na2+ Kc5 50. Nc3 Kd4 51. Nb5+ Ke5 52. Bc2 Bd7 53. Nc3 Kd4 54. Nd5 c3 55. Nxe3 Bb5+ 56. Kf2 Nd3+ 57. Bxd3 Bxd3 58. h4 c2 59. Nxc2+ Bxc2 60. h5 g5 61. g3 Bxe4 62. fxe4 Kxe4 0-1